Kentucky history collection, (Record no. 43077)

MARC details
000 -LEADER
fixed length control field 01680cpcaa2200397 4500
001 - CONTROL NUMBER
control field mm 81016220
003 - CONTROL NUMBER IDENTIFIER
control field DLC
005 - DATE AND TIME OF LATEST TRANSACTION
control field 20260227111707.0
008 - FIXED-LENGTH DATA ELEMENTS--GENERAL INFORMATION
fixed length control field 810423|||||||||||| eng
010 ## - LIBRARY OF CONGRESS CONTROL NUMBER
LC control number mm 81016220
040 ## - CATALOGING SOURCE
Original cataloging agency DLC
Transcribing agency DLC
Description conventions dacs
Modifying agency DLC
072 #7 - SUBJECT CATEGORY CODE
Subject category code C
Source lcmd
100 1# - MAIN ENTRY--PERSONAL NAME
Personal name Clore, Julia Alves.
245 00 - TITLE STATEMENT
Title Kentucky history collection,
Inclusive dates 1775-1935
Bulk dates (bulk 1775-1843).
300 ## - PHYSICAL DESCRIPTION
Extent 20
Type of unit items.
300 ## - PHYSICAL DESCRIPTION
Extent 1
Type of unit container.
300 ## - PHYSICAL DESCRIPTION
Extent 1
Type of unit microfilm reel.
506 0# - RESTRICTIONS ON ACCESS NOTE
Terms governing access Open to research.
520 8# - SUMMARY, ETC.
Summary, etc. Letters, documents, clippings, portraits, and printed matter relating to the history of Kentucky. Individuals represented in the collection include Walter Alves, Thomas Hart Benton, R.S. Blount, Nathaniel Harte, Richard Henderson, James Hogg, Samuel Goode Hopkins, and William Johnston.
530 ## - ADDITIONAL PHYSICAL FORM AVAILABLE NOTE
Additional physical form available note Selected items available on microfilm only,
Order number no. 5,754.
533 ## - REPRODUCTION NOTE
Type of reproduction Microfilm produced with permission of Julia Alves Clore.
Place of reproduction Washington, D.C. :
Agency responsible for reproduction Library of Congress Photoduplication Service,
Date of reproduction 1937.
533 ## - REPRODUCTION NOTE
Type of reproduction Positive photostats.
Place of reproduction [S.l.].
545 0# - BIOGRAPHICAL OR HISTORICAL DATA
Biographical or historical data Collector.
546 ## - LANGUAGE NOTE
Language note Collection material in English.
600 10 - SUBJECT ADDED ENTRY--PERSONAL NAME
Personal name Alves, Walter,
Dates associated with a name 1768-1819.
600 10 - SUBJECT ADDED ENTRY--PERSONAL NAME
Personal name Benton, Thomas Hart,
Dates associated with a name 1782-1858.
600 10 - SUBJECT ADDED ENTRY--PERSONAL NAME
Personal name Blount, R. S.
600 10 - SUBJECT ADDED ENTRY--PERSONAL NAME
Personal name Harte, Nathaniel.
600 10 - SUBJECT ADDED ENTRY--PERSONAL NAME
Personal name Henderson, Richard,
Dates associated with a name 1735-1785.
600 10 - SUBJECT ADDED ENTRY--PERSONAL NAME
Personal name Hogg, James.
600 10 - SUBJECT ADDED ENTRY--PERSONAL NAME
Personal name Hopkins, Samuel Goode.
600 10 - SUBJECT ADDED ENTRY--PERSONAL NAME
Personal name Johnston, William,
Titles and other words associated with a name of Kentucky.
651 #0 - SUBJECT ADDED ENTRY--GEOGRAPHIC NAME
Geographic name Kentucky
General subdivision History.

No items available.

Powered by Koha